Legislatívna úprava znaleckej činnosti v podmienkach SR
V legislatíve znaleckej činnosti Slovenskej republiky v minulosti absentovali rámce určujúce požiadavky kladené na odborníka za daný odbor, prístupy k odhadu a používané metódy. Mnohé subjekty vykonávajúce znaleckú činnosť, ju vykonávali popri svojich riadnych zamestnaniach, pričom za znaleckú činno...
Guardado en:
| Autor principal: | |
|---|---|
| Formato: | Capítulo de libro |
| Lenguaje: | eslovaco |
| Materias: | |
| Etiquetas: |
Sin Etiquetas, Sea el primero en etiquetar este registro!
|
MARC
| LEADER | 00000nla$a2200000$$$4500 | ||
|---|---|---|---|
| 001 | 0094100 | ||
| 005 | 20240502083238.6 | ||
| 041 | 0 | |a slo | |
| 044 | |a CZ | ||
| 245 | 1 | 0 | |a Legislatívna úprava znaleckej činnosti v podmienkach SR |c Veronika Littvová |
| 520 | |a V legislatíve znaleckej činnosti Slovenskej republiky v minulosti absentovali rámce určujúce požiadavky kladené na odborníka za daný odbor, prístupy k odhadu a používané metódy. Mnohé subjekty vykonávajúce znaleckú činnosť, ju vykonávali popri svojich riadnych zamestnaniach, pričom za znaleckú činnosť neboli primerane odmeňovaní. Cieľom príspevku je poukázať na súčasný stav znalectva v podmienkach Slovenskej republiky, jeho legislatívnu úpravu a znalecké ústavy, zabezpečujúce absolvovanie odbornej skúšky a získanie odborného minima. | ||
| 610 | 2 | 0 | |a znalci |
| 610 | 2 | 0 | |a úpravy právne |
| 610 | 2 | 0 | |a organizácie |
| 610 | 2 | 0 | |a Slovensko |
| 100 | 1 | |a Littvová, Veronika | |